<?xml version="1.0" encoding="UTF-8"?>
<marc:record xmlns:marc="http://www.loc.gov/MARC21/slim">
   <marc:leader>00000nam a2200000 a 4500</marc:leader>
   <marc:datafield ind1="1" ind2=" " tag="100">
      <marc:subfield code="a">Schlumberger, Andreas</marc:subfield>
      <marc:subfield code="4">aut</marc:subfield>
      <marc:subfield code="e">Verfasser/-in</marc:subfield>
   </marc:datafield>
   <marc:datafield ind1=" " ind2=" " tag="653">
      <marc:subfield code="a">Haushalt</marc:subfield>
   </marc:datafield>
   <marc:datafield ind1=" " ind2=" " tag="653">
      <marc:subfield code="a">Verbraucherverhalten</marc:subfield>
   </marc:datafield>
   <marc:datafield ind1=" " ind2=" " tag="653">
      <marc:subfield code="a">Umweltschutz</marc:subfield>
   </marc:datafield>
   <marc:datafield ind1=" " ind2=" " tag="653">
      <marc:subfield code="a">Technik/Natur</marc:subfield>
   </marc:datafield>
   <marc:datafield ind1=" " ind2=" " tag="653">
      <marc:subfield code="a">Gesellschaft/Allgemeines</marc:subfield>
   </marc:datafield>
   <marc:datafield ind1=" " ind2=" " tag="653">
      <marc:subfield code="a">Nachschlagewerke</marc:subfield>
   </marc:datafield>
   <marc:datafield ind1="0" ind2="0" tag="245">
      <marc:subfield code="a">50 einfache Dinge, die Sie tun können, um die Welt zu retten und wie Sie dabei Geld sparen</marc:subfield>
   </marc:datafield>
   <marc:datafield ind1="0" ind2="0" tag="245">
      <marc:subfield code="c">Andreas Schlumberger. Mit einem Vorw. von Ernst Ulrich von Weizäcker</marc:subfield>
   </marc:datafield>
   <marc:datafield ind1=" " ind2="1" tag="264">
      <marc:subfield code="a">Frankfurt, M.</marc:subfield>
      <marc:subfield code="b">Westend</marc:subfield>
      <marc:subfield code="c">2009</marc:subfield>
   </marc:datafield>
   <marc:datafield ind1="1" ind2=" " tag="520">
      <marc:subfield code="a">Angaben aus der Verlagsmeldung

50 einfache Dinge, die Sie tun können, um die Welt zu retten : Und wie Sie dabei Geld sparen / von Andreas Schlumberger

Globale Erwärmung und Klimaextreme, CO²-Ausstoß und Energieknappheit, Vogelgrippe und Artensterben: Man möchte denken, wir richten die Welt zugrunde. Schlagzeilen über derartige Skandale sind so erschreckend, weil sie den Verbrauchern neben verheerenden Konsequenzen auch ihre eigene Ohnmacht vor Augen führen. Dabei können wir in unserem Alltag weitaus mehr bewirken, als uns klar ist!

Dass Standby Strom vergeudet, weiß mittlerweile jeder. Der Umweltjournalist Andreas Schlumberger versammelt 50 aktuelle Tipps, um die Welt zu retten und zeigt, dass es viele – oft überraschend einfache – Möglichkeiten gibt, den eigenen Alltag umweltverträglicher zu gestalten. Nahezu unbekannt ist: Bei unzähligen Tipps lässt sich sogar noch Geld sparen! Ob Ernährung, Haushalt oder Mobilität – überall verstecken sich Ausgabequellen, die der Umwelt schaden und das Portemonnaie belasten. Sie lassen sich clever umgehen, ohne Komfortverzicht und ohne am bisherigen Lebensstil zu rütteln.
</marc:subfield>
   </marc:datafield>
   <marc:datafield ind1=" " ind2=" " tag="020">
      <marc:subfield code="a">9783938060193</marc:subfield>
      <marc:subfield code="9">9783938060193</marc:subfield>
   </marc:datafield>
   <marc:datafield ind1=" " ind2=" " tag="020">
      <marc:subfield code="a">3938060190</marc:subfield>
      <marc:subfield code="9">3938060190</marc:subfield>
   </marc:datafield>
   <marc:datafield ind1=" " ind2=" " tag="041">
      <marc:subfield code="a">ger</marc:subfield>
   </marc:datafield>
   <marc:datafield ind1=" " ind2=" " tag="300">
      <marc:subfield code="a">242 S.</marc:subfield>
   </marc:datafield>
</marc:record>
